Econometric analysis of residential time-of use electricity pricing experiments (Registro nro. 26115)
[ vista simple ]
| 000 -LEADER | |
|---|---|
| fixed length control field | 00409 a2200121 4500 |
| 001 - CONTROL NUMBER | |
| control field | ART_12131 |
| 005 - DATE AND TIME OF LATEST TRANSACTION | |
| control field | 20260410161903.0 |
| 008 - FIXED-LENGTH DATA ELEMENTS--GENERAL INFORMATION | |
| fixed length control field | 260409a |
| 100 1# - MAIN ENTRY--PERSONAL NAME | |
| Personal name | Christensen, Laurits R. |
| 245 10 - TITLE STATEMENT | |
| Title | Econometric analysis of residential time-of use electricity pricing experiments |
| 700 1# - ADDED ENTRY--PERSONAL NAME | |
| Personal name | Caves, Douglas W. |
| 773 0# - HOST ITEM ENTRY | |
| Title | Journal of econometrics |
| Related parts | - Vol. 14, Nº 3 (dic. 1980) |
| Record control number | REV11720 |
No hay ítems disponibles.